00965nam a2200277 a 450000100060000000300080000600500170001400800410003103500190007203500220009103500180011303500220013103800120015304000260016504100080019108200310019910000260023024501410025626000730039730000200047049000250049065000430051570000250055870000270058383000770061061861BD-RjUL20211209081017.0170122s1957 pk 000 0 eng d a(BD-RjUL)61985 a(UkLSE)x212333940 a(UkLSE)398543 a(UkLCURL)11398543 aUkLCURL aBD-RjULbengcBD-RjUL aeng 223a339.42095491bSEF 19571 aSethi, Mushtaq Ahmed.10aFamily budgets of the low-paid employees of educational institutions in six selected towns of former N-W.F.P. /cby Mushtaq Ahmed Sethi. aPeshawar :bUniversity of Peshawar, Board of Economic Enquiry,c1957 a26 p. ;c25 cm.1 aPublications ;vNo.1 0aCost and standard of livingzPakistan. aIdris, S. M., editor aAshraf, Khalid, editor 0aPublication (University of Peshawar. Board of Economic Enquiry) ;vno. 1